Widzew Łódź - Statystyki

Ogólne statystyki
  • Ten quiz został rozwiązany 239 razy
  • Średni wynik to 20 z 54
Statystyki odpowiedzi
Podpowiedź Liga Klub % Poprawnych
Zgoda Ekstraklasa Ruch Chorzów
96%
Kosa Ekstraklasa Legia Warszawa
91%
Układ 1 Liga Wisła Kraków
90%
Zgoda 3 Liga Elana Toruń
89%
Kosa Ekstraklasa Lech Poznań
86%
Kosa Ekstraklasa ŁKS Łódź
81%
Układ Rosja CSKA Moskwa
73%
Układ 2 Liga KKS Kalisz
73%
Kosa Ekstraklasa Cracovia
70%
Kosa Ekstraklasa Śląsk Wrocław
65%
Kosa 1 Liga Lechia Gdańsk
64%
Kosa 1 Liga Arka Gdynia
63%
Kosa Ekstraklasa Górnik Zabrze
59%
Kosa 3 Liga Zawisza Bydgoszcz
53%
Kosa Hiszpania Real Madryt
51%
Kosa 1 Liga GKS Katowice
50%
Kosa Ekstraklasa Radomiak Radom
47%
Kosa Ekstraklasa Korona Kielce
46%
Kosa 1 Liga Motor Lublin
46%
Kosa Ekstraklasa Raków Częstochowa
46%
Kosa 1 Liga Zagłębie Sosnowiec
45%
Kosa 1 Liga GKS Tychy
43%
Kosa Holandia Ajax
42%
Kosa 1 Liga Wisła Płock
40%
Kosa 1 Liga Resovia Rzeszów
37%
Kosa Rosja Spartak Moskwa
37%
Kosa 1 Liga Miedź Legnica
33%
Kosa 3 Liga GKS Bełchatów
30%
Kosa 4 Liga KS Toruń
29%
Kosa 2 Liga Olimpia Elbląg
25%
Kosa 1 Liga Odra Opole
23%
Kosa 1 Liga Górnik Łęczna
21%
Kosa 2 Liga Polonia Bytom
21%
Kosa 2 Liga Stomil Olsztyn
21%
Kosa 4 Liga ROW Rybnik
20%
Kosa 2 Liga Hutnik Kraków
19%
Kosa 3 Liga KSZO Ostrowiec
17%
Kosa 2 Liga Sandecja Nowy Sącz
17%
Kosa Belgia Anderlecht
15%
Kosa 1 Liga Chrobry Głogów
14%
Kosa Słowacja Spartak Trnava
13%
Kosa Francja Lyon
12%
Kosa Żużel GKM Grudziądz
11%
Kosa 3 Liga Siarka Tarnobrzeg
10%
Kosa 2 Liga Chojniczanka Chojnice
9%
Kosa Okręgówka Polonia Bydgoszcz
7%
Kosa 3 Liga Wisłoka Dębica
6%
Kosa 4 Liga Włocłavia Włocławek
6%
Kosa A Klasa Czuwaj Przemyśl
4%
Kosa 3 Liga Chełmianka Chełm
3%
Kosa 4 Liga Tarnovia Tarnów
3%
Kosa Okręgówka Stal Bielsko-Biała
2%
Kosa 3 Liga Stilon Gorzów Wielkopolski
2%
Kosa Okręgówka Hetman Zamość
1%
Nie znaleziono quizów pasujących do podanych kryteriów
Rozkład punktacji
Procent ludzi z każdym wynikiem
Percentyl według liczby udzielonych odpowiedzi
Twoja historia wyników
Nie rozwiązałeś tego quizu